Famous Murder Victims - Sudden Death - Statistics

General Stats
  • This quiz has been taken 1,049 times
    426 since last reset
  • The average score is 15 of 50
Answers on the Grid
Answers color-coded by a green-red scale on the quiz's grid according to % correct below.
Julius Caesar
John F. Kennedy
John Lennon
Clark Gable
Tupac Shakur
The Notorious B.I.G.
James Brown
Isaac Asimov
Martin Luther King Jr.
Leon Trotsky
Che Guevara
Orson Welles
Mahatma Gandhi
Abraham Lincoln
Babe Ruth
Aretha Franklin
Malcolm X
Nelson Mandela
Boris Nemtsov
Gianni Versace
Al Capone
Patrice Lumumba
Dante Alighieri
Queen Victoria
Elizabeth Taylor
Shinzo Abe
Oscar Wilde
Harvey Milk
Jamal Khashoggi
Muhammad Ali
Anna Politkovskaya
XXXTentacion
Walt Disney
James Gandolfini
Pablo Escobar
Carl Sagan
Phil Hartman
Bugsy Siegel
Chadwick Boseman
Fidel Castro
Marvin Gaye
Sharon Tate
Harper Lee
Alexander Litvinenko
Emiliano Zapata
Stanley Kubrick
Víctor Jara
Diego Maradona
Pancho Villa
Mao Zedong
Ronald Reagan
Billy the Kid
Neil Armstrong
Gene Wilder
Jesse James
Audrey Hepburn
David Bowie
Alexander II of Russia
Ray Bradbury
Benazir Bhutto
Pablo Picasso
Leo Tolstoy
Indira Gandhi
Winston Churchill
Yitzhak Rabin
Leonardo da Vinci
Vladimir Lenin
Rosa Luxemburg
Bram Stoker
Anwar Sadat
Margaret Thatcher
Sam Cooke
James Baldwin
Caligula
Mark Twain
Leonard Nimoy
Qasem Soleimani
Muammar Gaddafi
Bob Marley
Agatha Christie
Luciano Pavarotti
Grigori Rasputin
Karl Marx
Benito Mussolini
David Lynch
Thomas Sankara
Albert Einstein
Nipsey Hussle
Georgi Markov
Ferdinand Magellan
Steve McQueen
Young Dolph
Frida Kahlo
Vlad the Impaler
Pyotr Stolypin
Jack Kerouac
Eddie Guerrero
Frank Sinatra
James Cook
 
Answer Stats
Answer % Correct
John F. Kennedy
83%
Martin Luther King Jr.
79%
John Lennon
78%
Julius Caesar
74%
Tupac Shakur
72%
Abraham Lincoln
68%
Malcolm X
63%
The Notorious B.I.G.
59%
Mahatma Gandhi
54%
Che Guevara
42%
Sharon Tate
42%
Gianni Versace
41%
Leon Trotsky
39%
Benito Mussolini
37%
Billy the Kid
36%
Harvey Milk
35%
Muammar Gaddafi
34%
Shinzo Abe
33%
Grigori Rasputin
32%
Jesse James
32%
XXXTentacion
32%
Indira Gandhi
30%
Marvin Gaye
28%
Pablo Escobar
28%
Alexander II of Russia
24%
Benazir Bhutto
24%
Jamal Khashoggi
24%
Anwar Sadat
20%
Bugsy Siegel
20%
Caligula
20%
Yitzhak Rabin
19%
James Cook
18%
Alexander Litvinenko
17%
Ferdinand Magellan
15%
Pancho Villa
15%
Patrice Lumumba
15%
Phil Hartman
15%
Rosa Luxemburg
14%
Nipsey Hussle
13%
Emiliano Zapata
12%
Qasem Soleimani
12%
Anna Politkovskaya
11%
Sam Cooke
11%
Vlad the Impaler
11%
Boris Nemtsov
8%
Thomas Sankara
8%
Pyotr Stolypin
7%
Young Dolph
7%
Georgi Markov
6%
Víctor Jara
6%
No matching quizzes found
Score Distribution
Percent of People with Each Score
Percentile by Number Answered
Your Score History
You have not taken this quiz since the last reset